000 00459nam a2200145 4500
999 _c6777
_d6777
008 170427b xxu||||| |||| 00| 0 eng d
022 _a0119-9000
082 _aDPer 641.505 C77 Jan-June 2013 v.13-14
245 _aGreat dining encounter at the Shang palace.
260 _aPhilippines:
_bUBM Medica,
_c©Jan-June 2013.
300 _av13 n11, pages 74-75:
_billustrations;
_c29 cm.
500 _aCook.
650 0 _920547
_aRestaurants
942 _2ddc
_cPER